Flaquezas de la Hacienda ... / (Record no. 165531)

MARC details
000 -LEADER
campo de control de longitud fija 00740nam a22001935i 4500
001 - NÚMERO DE CONTROL
campo de control 165531
003 - IDENTIFICADOR DE NÚMERO DE CONTROL
campo de control ES-MaACL
005 - FECHA Y HORA DE LA ÚLTIMA TRANSACCIÓN
campo de control 20230906213145.0
008 - DATOS DE LONGITUD FIJA--INFORMACIÓN GENERAL
campo de control de longitud fija 990225s1894 sp |||| | spa d
040 ## - FUENTE DE CATALOGACIÓN
Centro catalogador/agencia de origen CCPB | B
Lengua de catalogación spa
Centro/agencia transcriptor CCPB | B
100 1# - ENTRADA PRINCIPAL--NOMBRE DE PERSONA
Nombre de persona González Solis y Cabal, Protasio.
9 (RLIN) 127429
245 10 - MENCIÓN DEL TÍTULO
Título Flaquezas de la Hacienda ... /
Mención de responsabilidad, etc. por Protasio G. Solís y Cabal.
260 ## - PUBLICACIÓN, DISTRIBUCIÓN, ETC.
Lugar de publicación, distribución, etc. Madrid :
Nombre del editor, distribuidor, etc. [s.n.,
Fecha de publicación, distribución, etc. s.a] (
Fabricante Establecimiento tipográfico de Alfredo Alonso)
300 ## - DESCRIPCIÓN FÍSICA
Extensión 120 p. ;
Dimensiones 24 cm.
500 ## - NOTA GENERAL
Nota general Datos tomados de la cub.
596 ## - NOTA AL PIE DE IMPRENTA
NOTA AL PIE DE IMPRENTA El año 1894 consta en la p. 53.
650 #4 - PUNTO DE ACCESO ADICIONAL DE MATERIA--TÉRMINO DE MATERIA
Término de materia o nombre geográfico como elemento de entrada Hacienda pública-
Subdivisión geográfica España.
9 (RLIN) 13281
852 ## - LOCALIZACIÓN
Ubicación ES-MaACL
Número de control de estantería T-988-F-1
Nota libre -- Enc. hol., conservando la cub. original
-- -- Enc. en un vol. facticio
Holdings
Estatus retirado Estado de pérdida Estado de daño No para préstamo Colección Biblioteca de origen Biblioteca actual Ubicación en estantería Fecha de adquisición Total de préstamos Signatura topográfica completa Código de barras Visto por última vez Precio de reemplazo Tipo de ítem Koha
        Colección de folletos Biblioteca del Ateneo de Madrid Biblioteca del Ateneo de Madrid Depósito folletos 17/01/2008   T-988-F-1 1173591 23/02/2023 23/02/2023 Folleto